Entry Personal Name
Number of records used in: 1
001 - CONTROL NUMBER
003 - CONTROL NUMBER IDENTIFIER
005 - DATE AND TIME OF LATEST TRANSACTION
- control field:
20250524120211.0
008 - FIXED-LENGTH DATA ELEMENTS
- fixed length control field:
040716n| azannaabn |a aaa c
010 ## - LIBRARY OF CONGRESS CONTROL NUMBER
- LC control number:
no2004068106
016 ## - NATIONAL BIBLIOGRAPHIC AGENCY CONTROL NUMBER
- Record control number:
1045G8259E
035 ## - SYSTEM CONTROL NUMBER
- System control number:
(OCoLC)oca06395051
040 ## - CATALOGING SOURCE
- Original cataloging agency:
NjP
- Language of cataloging:
eng
- Description conventions:
rda
- Transcribing agency:
NjP
- Modifying agency:
DNLM
- Modifying agency:
IAhCCS
- Modifying agency:
WlAbNL
- Modifying agency:
CaOONL
- Modifying agency:
InU
042 ## - AUTHENTICATION CODE
046 ## - SPECIAL CODED DATES
100 1# - HEADING--PERSONAL NAME
- Personal name:
Karlan, Dean S.
368 ## - OTHER ATTRIBUTES OF PERSON OR CORPORATE BODY
370 ## - ASSOCIATED PLACE
- Associated country:
United States
- Other associated place:
Evanston (Ill.)
- Other associated place:
New Haven (Conn.)
- Other associated place:
Princeton (N.J.)
- Source of term:
naf
372 ## - FIELD OF ACTIVITY
- Field of activity:
Economics
- Field of activity:
Poverty--Research
- Source of term:
lcsh
373 ## - ASSOCIATED GROUP
- Associated group:
Princeton University
- Associated group:
Northwestern University (Evanston, Ill.)
- Associated group:
Yale University
- Source of term:
naf
373 ## - ASSOCIATED GROUP
- Associated group:
Roberta Buffett Institute for Global Studies. Global Poverty Research Lab
- Associated group:
Innovations for Poverty Actions (Organisation)
374 ## - OCCUPATION
- Occupation:
College teachers
- Occupation:
Economists
- Source of term:
lcsh
377 ## - ASSOCIATED LANGUAGE
400 1# - SEE FROM TRACING--PERSONAL NAME
- Personal name:
Karlan, Dean
670 ## - SOURCE DATA FOUND
- Source citation:
Social capital and group banking, 2004:
- Information found:
t.p. (Dean S. Karlan, Princeton University, Research Program in Development Studies)
670 ## - SOURCE DATA FOUND
- Source citation:
Failing in the field, c2016:
- Information found:
t.p. (Dean Karlan) jkt. (Professor of Economics at Yale University, [New Haven, CT] ; President of Innovations for Poverty Actions)
670 ## - SOURCE DATA FOUND
- Source citation:
Horn, S. Intuitive donating: testing one-line solicitations for $1 donations in a large online experiment, 2018:
- Information found:
t.p. (Dean Karlan)
670 ## - SOURCE DATA FOUND
- Source citation:
Wikipedia, viewed 1 May 2018
- Information found:
(Dean Karlan ; Professor of Economics and Finance at Northwestern University, [Evanston, Ill.] ; co-director of the Global Poverty Research Lab at the Buffett Institute for Global Studies ; male pronouns)